| 000 | 00523nam a2200205Ia 4500 | ||
|---|---|---|---|
| 003 | OSt | ||
| 005 | 20240319125021.0 | ||
| 008 | 230711s9999||||xx |||||||||||||| ||und|| | ||
| 020 | _a978-81-265-1290-4 | ||
| 040 | _cCentral Library MRSPTU | ||
| 041 | _aENG | ||
| 082 |
_a4.6 _bBA-W |
||
| 100 | _aBates,Chris | ||
| 245 | 0 | _aWeb Programming : Building Internet Applications | |
| 250 | _a3rd Ed. | ||
| 260 |
_c2006 _aNew Delhi _bWiley India Pvt.Ltd |
||
| 300 | _a654p. | ||
| 650 | _aComputer Engineering | ||
| 942 |
_cBK _2ddc |
||
| 999 |
_c6557 _d6557 |
||